[Event "2 Festival Juan Martínez Sola - Grupo A"]
[Site "Almería ESP"]
[Date "2015.12.18"]
[Round "1.1"]
[White "Rubio Tapia, Jose Juan"]
[Black "Ivanov, Sergey"]
[Result "1-0"]
[WhiteElo "2101"]
[BlackElo "2556"]
[PlyCount "59"]
[EventDate "2015.12.18"]
[EventType "swiss"]
[EventRounds "6"]
[EventCountry "ESP"]
[Source "lmi"]
[SourceDate "2015.12.18"]

1. d4 Nf6 2. c4 e6 3. Nf3 b6 4. g3 Bb7 5. Bg2 g6 6. O-O Bg7 7. Nc3 Ne4 8. Nxe4
Bxe4 9. Bg5 Qc8 10. Qd2 h6 11. Be3 d6 12. Rac1 Nd7 13. Rfd1 Nf6 14. c5 bxc5 15.
dxc5 d5 16. c6 g5 17. Bc5 g4 18. Ne5 Bf5 19. Qe3 Qd8 20. Nd7 Ne4 21. Bxe4 Bxe4
22. f3 gxf3 23. exf3 Bf5 24. Rxd5 Qg5 25. f4 Qg6 26. Ne5 Bxe5 27. Qxe5 f6 28.
Qxc7 Rh7 29. Rd7 e5 30. Re7+ 1-0

[Event "2 Festival Juan Martínez Sola - Grupo A"]
[Site "Almería ESP"]
[Date "2015.12.18"]
[Round "1.2"]
[White "Del Rio De Angelis, Salvador G"]
[Black "Nyland, Thomas"]
[Result "1-0"]
[WhiteElo "2542"]
[BlackElo "2027"]
[PlyCount "51"]
[EventDate "2015.12.18"]
[EventType "swiss"]
[EventRounds "6"]
[EventCountry "ESP"]
[Source "lmi"]
[SourceDate "2015.12.18"]

1. d4 Nf6 2. c4 e6 3. Nc3 Bb4 4. e3 O-O 5. Bd3 d5 6. cxd5 exd5 7. Nge2 c6 8.
O-O Nbd7 9. f3 Re8 10. a3 Ba5 11. b4 Bc7 12. e4 dxe4 13. fxe4 h6 14. e5 Nd5 15.
Nxd5 cxd5 16. Qe1 Bb6 17. Kh1 Qe7 18. Qg3 Kh8 19. Nf4 Bxd4 20. Ng6+ fxg6 21.
Qxg6 Nf6 22. exf6 gxf6 23. Qxh6+ Kg8 24. Qg6+ Kh8 25. Qh5+ Kg8 26. Bh7+ 1-0

[Event "2 Festival Juan Martínez Sola - Grupo A"]
[Site "Almería ESP"]
[Date "2015.12.18"]
[Round "1.3"]
[White "Perez Beltran, Jose Maria"]
[Black "Alshameary Puente, Ismael"]
[Result "1/2-1/2"]
[WhiteElo "2023"]
[BlackElo "2351"]
[PlyCount "106"]
[EventDate "2015.12.18"]
[EventType "swiss"]
[EventRounds "6"]
[EventCountry "ESP"]
[Source "lmi"]
[SourceDate "2015.12.18"]

1. b3 e5 2. Bb2 Nc6 3. e3 Nf6 4. Bb5 Bd6 5. Nf3 Qe7 6. d4 exd4 7. Nxd4 Bb4+ 8.
c3 Nxd4 9. Qxd4 Bc5 10. Qd1 c6 11. Bd3 d5 12. O-O O-O 13. Qc2 Bd6 14. Nd2 Bg4
15. c4 Be5 16. h3 Bxb2 17. Qxb2 Be6 18. Rfd1 Rfd8 19. Nf3 dxc4 20. Bxc4 Bxc4
21. bxc4 Ne4 22. Qc2 Nc5 23. Rab1 g6 24. Rd4 Ne6 25. Qe4 Qc7 26. Rxd8+ Rxd8 27.
Nd4 Nc5 28. Qc2 Rd7 29. Rd1 Qd8 30. Rd2 Ne6 31. Nf3 Rxd2 32. Nxd2 Nc5 33. Kf1
Qd3+ 34. Qxd3 Nxd3 35. Nb3 b6 36. Ke2 Ne5 37. c5 Kf8 38. f4 Nd7 39. Kd3 f5 40.
cxb6 axb6 41. e4 fxe4+ 42. Kxe4 Ke7 43. g4 Nf6+ 44. Ke5 Nd7+ 45. Ke4 Ke6 46. g5
c5 47. Nd2 b5 48. Nf1 b4 49. Ne3 Nb6 50. h4 c4 51. f5+ gxf5+ 52. Nxf5 Na4 53.
Ne3 b3 1/2-1/2

[Event "2 Festival Juan Martínez Sola - Grupo A"]
[Site "Almería ESP"]
[Date "2015.12.18"]
[Round "1.4"]
[White "Hernandez Muñoz, Antonio Ramon"]
[Black "Alvarez Morales, Miguel"]
[Result "1-0"]
[WhiteElo "2185"]
[BlackElo "2017"]
[PlyCount "179"]
[EventDate "2015.12.18"]
[EventType "swiss"]
[EventRounds "6"]
[EventCountry "ESP"]
[Source "lmi"]
[SourceDate "2015.12.18"]

1. d4 Nf6 2. Nf3 e6 3. g3 b6 4. Bg2 Bb7 5. O-O c5 6. c4 cxd4 7. Qxd4 Nc6 8. Qf4
d5 9. Rd1 Qb8 10. Nc3 e5 11. Qh4 d4 12. Nd5 Nxd5 13. cxd5 Ne7 14. e4 Qd6 15.
Qh5 Ng6 16. Bd2 Be7 17. Rac1 O-O 18. Bh3 Bf6 19. a3 a5 20. Bg5 Qe7 21. Bxf6
Qxf6 22. Rc7 Rab8 23. Rdc1 h6 24. Qf5 Rfe8 25. Qxf6 gxf6 26. Bd7 Red8 27. Bf5
Nf8 28. Kf1 Ba6+ 29. Ke1 Bb5 30. Re7 Re8 31. Ra7 Red8 32. Rcc7 Be8 33. Re7 Ra8
34. Rac7 a4 35. Nd2 b5 36. Kd1 Rab8 37. Kc2 b4 38. axb4 Rxb4 39. Rb7 Rxb7 40.
Rxb7 Bd7 41. Bxd7 Nxd7 42. Rb4 Rc8+ 43. Rc4 Rxc4+ 44. Nxc4 Nc5 45. f3 Kg7 46.
Nd6 h5 47. Nf5+ Kf8 48. h4 Kg8 49. Nh6+ Kg7 50. Nf5+ Kf8 51. Nd6 Ke7 52. Nf5+
Kf8 53. Kd2 Kg8 54. Ne7+ Kf8 55. Nf5 Kg8 56. Nd6 Kf8 57. Ke2 Ke7 58. Nf5+ Kf8
59. Nd6 Ke7 60. Nc4 Kf8 61. Nd2 Kg7 62. d6 Kg6 63. Nc4 Nd7 64. g4 Nc5 65. Nb6
hxg4 66. fxg4 d3+ 67. Kd1 f5 68. gxf5+ Kf6 69. Nd5+ Kg7 70. Nc3 Kf8 71. Kd2 Kg7
72. Ke3 Kf6 73. Nd5+ Kg7 74. Nc3 Kf6 75. h5 Kg5 76. Nxa4 d2 77. Nc3 Kxh5 78.
Kxd2 Kg5 79. Ke3 Nd7 80. Nd5 Kh6 81. b4 Kg7 82. Kd3 Kf8 83. Kc4 Ke8 84. Nc7+
Kd8 85. Kd5 Nb6+ 86. Kxe5 Kd7 87. Nb5 Kc6 88. Nd4+ Kd7 89. Kf6 Kxd6 90. Nf3 1-0

[Event "2 Festival Juan Martínez Sola - Grupo A"]
[Site "Almería ESP"]
[Date "2015.12.18"]
[Round "1.5"]
[White "Fuertes Romo, Jose Manuel"]
[Black "Perera Borrego, Mariela"]
[Result "1/2-1/2"]
[WhiteElo "1997"]
[BlackElo "2158"]
[PlyCount "88"]
[EventDate "2015.12.18"]
[EventType "swiss"]
[EventRounds "6"]
[EventCountry "ESP"]
[Source "lmi"]
[SourceDate "2015.12.18"]

1. e4 g6 2. d4 Bg7 3. Nc3 a6 4. a4 d6 5. h3 e6 6. Nf3 Ne7 7. Bc4 O-O 8. O-O b6
9. Re1 Bb7 10. Bg5 h6 11. Bh4 Nd7 12. Qe2 Re8 13. Rad1 g5 14. Bg3 Ng6 15. e5 d5
16. Bd3 Ndf8 17. Nb1 c5 18. c3 c4 19. Bc2 Bc6 20. Nbd2 Qd7 21. Ra1 b5 22. axb5
axb5 23. Nh2 b4 24. Qh5 b3 25. Rxa8 Rxa8 26. Bb1 Ra1 27. Ng4 Nh7 28. Nxh6+ Bxh6
29. Qxh6 Qe7 30. Kf1 Qf8 31. Qh5 Qg7 32. Bxg6 Rxe1+ 33. Kxe1 fxg6 34. Qg4 Qe7
35. Nb1 Be8 36. Kd2 Nf8 37. f3 Kf7 38. Bf2 Nh7 39. Be3 Qa7 40. Na3 Qe7 41. Qg3
Ba4 42. Qg4 Qxa3 43. Ke2 Bd7 44. Ke1 Qe7 1/2-1/2

[Event "2 Festival Juan Martínez Sola - Grupo A"]
[Site "Almería ESP"]
[Date "2015.12.18"]
[Round "1.6"]
[White "Arboledas Fernandez, Antonio A"]
[Black "Motos Abellan, Daniel"]
[Result "1-0"]
[WhiteElo "2102"]
[BlackElo "1890"]
[PlyCount "135"]
[EventDate "2015.12.18"]
[EventType "swiss"]
[EventRounds "6"]
[EventCountry "ESP"]
[Source "lmi"]
[SourceDate "2015.12.18"]

1. d4 d5 2. e3 Nf6 3. Bd3 c5 4. c3 cxd4 5. exd4 Qc7 6. f4 Nc6 7. Nf3 Bg4 8. O-O
g6 9. h3 Bxf3 10. Qxf3 Bg7 11. Nd2 h5 12. Qe2 O-O-O 13. Nf3 e6 14. a4 Kb8 15.
Ne5 h4 16. Bd2 Nh5 17. Qf3 Bh6 18. Ng4 Ng3 19. Rfe1 Bg7 20. Rab1 f5 21. Ne5
Bxe5 22. fxe5 Ne4 23. Bxe4 dxe4 24. Qe2 Ne7 25. Bg5 Rd7 26. Qf2 Nd5 27. Rbc1
Rh5 28. Bd2 Qc4 29. a5 Qd3 30. c4 e3 31. Bxe3 Nxe3 32. Rxe3 Qxd4 33. a6 f4 34.
Re2 bxa6 35. Rc3 Kc7 36. Ra3 Qxf2+ 37. Kxf2 Kb6 38. b4 Kb7 39. Kf3 Rd4 40. Re4
Rd2 41. Rxf4 Rxe5 42. Rxh4 Rf5+ 43. Ke4 Rxg2 44. Rh7+ Kb6 45. Rd3 Re2+ 46. Kd4
Rff2 47. c5+ Kc6 48. Rxa7 e5+ 49. Kc3 Rc2+ 50. Kb3 Rb2+ 51. Ka4 Ra2+ 52. Kb3
Rab2+ 53. Ka4 Ra2+ 54. Ra3 Rxa3+ 55. Kxa3 Kb5 56. Rb7+ Kc4 57. c6 Rf3+ 58. Ka4
Rf8 59. Ka5 Rc8 60. Kb6 e4 61. Re7 Kd5 62. Rd7+ Ke6 63. Kb7 Re8 64. Rd1 e3 65.
c7 e2 66. Re1 Kd7 67. Rxe2 Rxe2 68. c8=Q+ 1-0

[Event "2 Festival Juan Martínez Sola - Grupo A"]
[Site "Almería ESP"]
[Date "2015.12.18"]
[Round "2.5"]
[White "Perera Borrego, Mariela"]
[Black "Perez Beltran, Jose Maria"]
[Result "0-1"]
[WhiteElo "2158"]
[BlackElo "2023"]
[PlyCount "90"]
[EventDate "2015.12.18"]
[EventType "swiss"]
[EventRounds "6"]
[EventCountry "ESP"]
[Source "lmi"]
[SourceDate "2015.12.18"]

1. d4 Nf6 2. c4 e6 3. Nc3 Bb4 4. e3 b6 5. Bd3 Bb7 6. Nge2 Bxg2 7. Rg1 Bf3 8.
Rg3 Bxe2 9. Qxe2 g6 10. e4 Nh5 11. Rg1 Nc6 12. Be3 e5 13. dxe5 Nxe5 14. O-O-O
Bxc3 15. bxc3 Qe7 16. Kb2 O-O-O 17. c5 Nxd3+ 18. Qxd3 Kb8 19. a4 Rhe8 20. f3
bxc5 21. Qb5+ Ka8 22. Bxc5 Qe6 23. Bb4 Rb8 24. Qc5 Qb6 25. Qxb6 Rxb6 26. a5
Rbb8 27. Kc2 d6 28. Kd3 Re6 29. Kc4 Kb7 30. Ba3 Kc6 31. Kd4 Rb5 32. Bc1 Rxa5
33. Be3 f5 34. Ra1 Rxa1 35. Rxa1 fxe4 36. fxe4 Nf6 37. Rxa7 Rxe4+ 38. Kd3 Re6
39. Ra6+ Kd7 40. Ra7 Re7 41. c4 Ng4 42. Bg1 Ne5+ 43. Kc3 Nf3 44. Bb6 Kc6 45. c5
Re3+ 0-1